Riddles of the Sphinx /
Saved in:
| Main Author: | |
|---|---|
| Format: | Book |
| Language: | English |
| Published: |
Thrupp, Stroud, Gloucestershire :
Sutton Publishing,
1998.
|
| Subjects: | |
| Tags: |
Add Tag
No Tags, Be the first to tag this record!
|
| LEADER | 01053nam a2200265Ia 4500 | ||
|---|---|---|---|
| 001 | 007719574-4 | ||
| 005 | 20020606104010.5 | ||
| 008 | 980422s1998 enkab b 001 0 eng d | ||
| 020 | |a 0750915536 | ||
| 035 | 0 | |a ocm38995797 | |
| 040 | |a AKR |c AKR |d HLS | ||
| 043 | |a f-ua--- | ||
| 050 | 4 | |a DT62.S7 |b J67 1998b | |
| 090 | |a DT62.S7 |b J67 1998b | ||
| 100 | 1 | |a Jordan, Paul. | |
| 245 | 1 | 0 | |a Riddles of the Sphinx / |c Paul Jordan ; with photographs by John Ross. |
| 246 | 3 | 0 | |a Sphinx |
| 260 | |a Thrupp, Stroud, Gloucestershire : |b Sutton Publishing, |c 1998. | ||
| 300 | |a xxiv, 222 p. : |b ill. (some col.), maps ; |c 27 cm. | ||
| 504 | |a Includes bibliographical references (p. [215]-217) and index. | ||
| 650 | 0 | |a Great Sphinx (Egypt) | |
| 776 | 0 | 8 | |i Online version: |a Jordan, Paul, 1941- |t Riddles of the Sphinx. |d Thrupp, Stroud, Gloucestershire : Sutton Pub., ©1998 |w (OCoLC)605492617 |
| 776 | 0 | 8 | |i Online version: |a Jordan, Paul, 1941- |t Riddles of the Sphinx. |d Thrupp, Stroud, Gloucestershire : Sutton Pub., ©1998 |w (OCoLC)607681632 |
| 988 | |a 20020608 | ||
| 906 | |0 OCLC | ||


